Forges inédito / (Record no. 193454)

MARC details
000 -LEADER
campo de control de longitud fija 02180nam a2200373 i 4500
001 - NÚMERO DE CONTROL
campo de control 193454
003 - IDENTIFICADOR DE NÚMERO DE CONTROL
campo de control SpMaBN
005 - FECHA Y HORA DE LA ÚLTIMA TRANSACCIÓN
campo de control 20250825062647.0
008 - DATOS DE LONGITUD FIJA--INFORMACIÓN GENERAL
campo de control de longitud fija 201130s2019 sp a | |||| 000 0 spa
017 ## - NÚMERO DE COPYRIGHT O DE DEPÓSITO LEGAL
Número de copyright o de depósito legal B 22835-2019
Agencia que asigna Oficina Depósito Legal Barcelona
020 ## - NÚMERO INTERNACIONAL ESTÁNDAR DEL LIBRO
Número Internacional Estándar del Libro 9788467056877
040 ## - FUENTE DE CATALOGACIÓN
Centro catalogador/agencia de origen SpMaBN
Lengua de catalogación spa
Centro/agencia transcriptor SpMaBN
Normas de descripción rda
080 ## - NÚMERO DE LA CLASIFICACIÓN DECIMAL UNIVERSAL
Número de la Clasificación Decimal Universal 74 Forges
100 1# - ENTRADA PRINCIPAL--NOMBRE DE PERSONA
Nombre de persona Forges,
Fechas asociadas al nombre 1942-2018
Relación art
9 (RLIN) 176480
Término indicativo de función/relación Autor
245 10 - MENCIÓN DEL TÍTULO
Título Forges inédito /
Mención de responsabilidad, etc. Forges
250 ## - MENCION DE EDICION
Mención de edición Segunda edición: noviembre de 2019
260 ## - PUBLICACIÓN, DISTRIBUCIÓN, ETC.
Lugar de publicación, distribución, etc. Barcelona :
Nombre del editor, distribuidor, etc. Espasa,
Fecha de publicación, distribución, etc. 2019
300 ## - DESCRIPCIÓN FÍSICA
Extensión 187 páginas :
Otras características físicas principalmente ilustraciones (blanco y negro),
Dimensiones 24 cm
336 ## - TIPO DE CONTENIDO
Término de tipo de contenido Imagen fija
-- Texto
Fuente rdacontent
337 ## - TIPO DE MEDIO
Nombre/término del tipo de medio sin mediación
Fuente rdamedia
338 ## - TIPO DE SOPORTE
Nombre/término del tipo de soporte volumen
Fuente rdacarrier
520 ## - RESUMEN, ETC.
Sumario, etc. La editorial Espasa reúne más de 300 viñetas inéditas que el inolvidable Forges dibujó desde 1990 hasta su muerte en 2018, en una recopilación que pone de relieve su carácter visionario y adelantado a su tiempo al tratar temas que hoy en día siguen preocupando a nuestra sociedad. Precedidos por una introducción escrita por sus familiares para explicar el proceso creativo del autor, los chistes recogidos en este libro son de indudable valor histórico y documental: no solo constituyen un magnífico retrato de estas tres décadas de la historia de España, sino que además reflejan que el trabajo del gran humorista gráfico estaba enormemente pegado a la actualidad, razón por la cual muchos de ellos no salieron finalmente a la luz.
600 14 - PUNTO DE ACCESO ADICIONAL DE MATERIA--NOMBRE DE PERSONA
Nombre de persona Forges,
Fechas asociadas al nombre 1942-2018
Fuente del encabezamiento o término embne
9 (RLIN) 176480
655 #7 - TERMINO DE INDIZACIÓN--GENERO/FORMA
Datos o término principal de género/forma Libros ilustrados
Fuente del término tgfbne
9 (RLIN) 193653
655 #0 - TERMINO DE INDIZACIÓN--GENERO/FORMA
Datos o término principal de género/forma Dibujos humorísticos
Fuente del término tgfbne
9 (RLIN) 234716
655 #7 - TERMINO DE INDIZACIÓN--GENERO/FORMA
Datos o término principal de género/forma Cómics
Fuente del término tgfbne
9 (RLIN) 226827
852 ## - LOCALIZACIÓN
Ubicación ES-MaACL
Sublocalización o colección R.154877
Ubicación en estantería Depósito J
Donativo/Legado Legado: Juan Antonio Porto
Encuadernación Encuadernación cartoné con sobrecubiertas
itemnumber 201019
Número de control de estantería N-9628
903 ## - NOMBRE PERSONAL DE DONANTE
a Porto, Juan Antonio,
d 1937-2021
e Donante
q 1
9 93285
942 ## - ELEMENTOS DE ENTRADA SECUNDARIOS (KOHA)
Tipo de ítem Koha Libro impreso
Suprimir en OPAC No
Holdings
Estatus retirado Estado de pérdida Fuente del sistema de clasificación o colocación Estado de daño No para préstamo Biblioteca de origen Biblioteca actual Ubicación en estantería Fecha de adquisición Fuente de adquisición Total de préstamos Signatura topográfica completa Código de barras Visto por última vez Tipo de ítem Koha
    Clasificación decimal universal     Biblioteca del Ateneo de Madrid Biblioteca del Ateneo de Madrid Depósito J 11/01/2024 Legado   N-9628 101206298 11/01/2024 Libro impreso